Description de la faune jurassique du Portugal (Record no. 48623)

MARC details
000 -LEADER
campo de control de longitud fija 00981nam a2200205 i 4500
001 - NÚMERO DE CONTROL
campo de control 48623
003 - IDENTIFICADOR DE NÚMERO DE CONTROL
campo de control ES-MaACL
005 - FECHA Y HORA DE LA ÚLTIMA TRANSACCIÓN
campo de control 20230906161803.0
007 - CAMPO FIJO DE DESCRIPCIÓN FÍSICA--INFORMACIÓN GENERAL
campo de control de longitud fija t|
008 - DATOS DE LONGITUD FIJA--INFORMACIÓN GENERAL
campo de control de longitud fija 030825s1890 po ||||1| fre d
100 1# - ENTRADA PRINCIPAL--NOMBRE DE PERSONA
Nombre de persona Loriol, P. de.
9 (RLIN) 74222
245 10 - MENCIÓN DEL TÍTULO
Título Description de la faune jurassique du Portugal
Resto del título : embranchement des échinodermes /
Mención de responsabilidad, etc. par P. de Loriol.
260 ## - PUBLICACIÓN, DISTRIBUCIÓN, ETC.
Lugar de publicación, distribución, etc. Lisbonne :
Nombre del editor, distribuidor, etc. Commission des Travaux Géologiques du Portugal,
Fecha de publicación, distribución, etc. 1890 (
Fabricante Imprimerie de l'Académie Royale des Sciences)
300 ## - DESCRIPCIÓN FÍSICA
Extensión 2 v. :
Otras características físicas il. ;
Dimensiones 32 cm.
505 8# - NOTA DE CONTENIDO CON FORMATO
Nota de contenido con formato Contiene: 1er. fascicule: Echinides réguliers ou endocycliques -- 2e. fascicule et dernier: Echinides irréguliers or exocycliques
650 #4 - PUNTO DE ACCESO ADICIONAL DE MATERIA--TÉRMINO DE MATERIA
Término de materia o nombre geográfico como elemento de entrada Equinodermos fósiles-
Subdivisión geográfica Portugal.
9 (RLIN) 148041
710 2# - ENTRADA AGREGADA--NOMBRE DE ENTIDAD CORPORATIVA
Nombre de entidad corporativa o nombre de jurisdicción como elemento de entrada Academia das Ciências de Lisboa.
9 (RLIN) 1159
710 2# - ENTRADA AGREGADA--NOMBRE DE ENTIDAD CORPORATIVA
Nombre de entidad corporativa o nombre de jurisdicción como elemento de entrada Commission des Travaux Géologiques du Portugal.
9 (RLIN) 3101
852 ## - LOCALIZACIÓN
Ubicación ES-MaACL
Número de control de estantería G-6155(3-4)
Nota libre .- Enc. hol. conservando la cub. original
-- .- Legado Federico de Botella y Hornos
Holdings
Estatus retirado Estado de pérdida Estado de daño No para préstamo Colección Biblioteca de origen Biblioteca actual Ubicación en estantería Fecha de adquisición Fuente de adquisición Total de préstamos Signatura topográfica completa Código de barras Visto por última vez Precio de reemplazo Tipo de ítem Koha
        Libros del s. XIX Biblioteca del Ateneo de Madrid Biblioteca del Ateneo de Madrid Depósito 2 17/01/2008     G-6155(3-4) 1051168 23/02/2023 23/02/2023 Libro impreso antiguo